Gestin̤ de Proyectos

Detalles Bibliográficos
Autor principal: Campo Arranz, Raquel
Otros Autores: Domn̕guez, Mara̕ del Campo, Raya, Vc̕tor Rodrigo
Formato: eBook
Lenguaje:español
Publicado: Bogot:̀ Ediciones de la U, 2013
Materias:
Acceso en línea:Acceso restringido

MARC

LEADER 00000nam a22000007a 4500
005 20210514222922.0
007 cr|||| ||||
008 210514s2013 co |||||s|||| 00||0 spa d
020 |a 978-958-762-165-5 
035 |a 33384 
040 |a vLex 
090 |c 11666  |d 11666 
100 1 |a Campo Arranz, Raquel 
245 1 0 |a Gestin̤ de Proyectos  |h [Recurso electrn̤ico] /  |c Raquel Campo Arranz, Mara̕ del Campo Domn̕guez, Vc̕tor Rodrigo Raya 
256 |a Servicio en ln̕ea 
260 |a Bogot:̀  |b Ediciones de la U,  |c 2013 
300 |a 1 recurso electrn̤ico 
500 |a Este libro surge con el props̤ito de acercar al lector a los aspectos ms̀ importantes relativos a la gestin̤ de proyectos, y est ̀dirigido principalmente a los estudiantes de Ciclos Formativos de Grado Superior, para los md̤ulos de Proyectos. Un proyecto es un conjunto de actividades coordinadas e interrelacionadas, con un principio y un fin. Esta definicin̤ es aplicable a una gran cantidad de actividades de la sociedad: construir un puente, desarrollar una aplicacin̤ software, montar una granja porcina, organizar una boda y muchas ms̀. Gran parte de las relaciones entre organizaciones sean empresariales o no se realizan mediante proyectos. Unas organizaciones realizan proyectos para otras, y cm̤o se realice la gestin̤ de los proyectos es un elemento clave para su x̌ito o fracaso. En el presente libro se describen los elementos clave que han de tenerse en cuenta a la hora de gestionar un proyecto en el m̀bito empresarial, desde su origen identificacin̤ de oportunidades, anl̀isis de viabilidad, seleccin̤ de alternativas, pasando por su diseǫ planificacin̤, recursos, costes, riesgos, comunicaciones y su posterior control y cierre indicadores, cuadros de mando, calidad, informes. 
506 1 |a Disponible solo en los productos indicados  |d vLex Global  |d vLex Global (Academic Edition, excluding Law Schools)  |d vLex Global (U.S. Academic Edition, Law Schools)  |d vLex Global (U.S. Academic Edition, excluding Law Schools)  |d vLex Global (Academic Edition, Law Schools) 
650 0 4 |a Economa̕ y negocios  |z Colombia 
700 1 |a Domn̕guez, Mara̕ del Campo 
700 1 |a Raya, Vc̕tor Rodrigo 
740 0 |a vLex Libros (Servicio en ln̕ea) 
856 4 0 |u https://vlex.com/source/gestion-de-proyectos-33384  |z Acceso restringido 
942 |c BOOK 
999 0 |a Economy and business